| 000 | 00719nam a2200205 a 4500 | ||
|---|---|---|---|
| 001 | 000294752 | ||
| 003 | AM-YeHGA | ||
| 005 | 20250618071918.0 | ||
| 008 | 031217s1980 ai 000 1|arm|d | ||
| 040 | _aAM-YeHGA | ||
| 041 | 0 | _aarm | |
| 100 | 1 |
_aՊողոսյան, Արտաշես Ալեքսանդրի, _d1922-1997 _99416 |
|
| 245 | 1 | 0 |
_aՀորովել : _b[Բանաստեղծություններ] / _cԱ.Ա. Պողոսյան ; Խմբ.՝ Ս.Դ. Դավայան. |
| 260 |
_aԵրևան : _bՍովետական գրող, _c1980. |
||
| 300 |
_a128 էջ ; _c17 սմ. |
||
| 650 | 1 | 4 |
_aՀայ գրականություն _xՊոեզիա |
| 700 | 1 |
_aԴավայան, Ս.Դ. _eխմբ. _4edt |
|
| 942 |
_2udc _cBK |
||
| 090 | _c109434 | ||
| 999 |
_c108106 _d108106 |
||